100 Biggest Satellite Cities - Statistics

General Stats
  • This quiz has been taken 543 times
  • The average score is 10 of 100
Answer Stats
Nearest Urban Center Population Satellite City % Correct
Tokyo 3,779,000 Yokohama
76%
Cairo 5,094,000 Giza
73%
Manila 2,960,000 Quezon City
64%
Seoul 3,209,000 Incheon
63%
Taipei 3,979,000 New Taipei City
49%
Osaka 1,527,000 Kobe City
37%
Brisbane 650,000 Gold Coast
30%
Khartoum 1,850,000 Omdurman
25%
Tokyo 975,000 Chiba
21%
Toronto 722,000 Mississauga
21%
Tokyo 1,539,000 Kawasaki City
20%
Buenos Aires 773,000 La Plata
20%
Tokyo 1,325,000 Saitama
20%
Mexico City 1,645,000 Ecatepec de Morelos
19%
La Paz 944,000 El Alto
18%
Mumbai 1,119,000 Navi Mumbai
15%
Dubai 1,270,000 Sharjah
15%
Khartoum 1,012,000 Khartoum North
14%
São Paulo 1,379,000 Guarulhos
13%
Busan 1,168,000 Ulsan
13%
Jakarta 2,715,000 Bekasi
12%
Taipei 2,148,000 Taoyuan
12%
Lima 1,010,000 Callao
10%
Delhi 750,000 Noida
10%
Rabat 890,000 Salé
10%
Seoul 1,235,000 Suwon
10%
Guadalajara 1,476,000 Zapopan
10%
Mexico City 1,077,000 Ciudad Nezahualcóyotl
9%
Jakarta 2,106,000 Depok
9%
Delhi 2,359,000 Ghaziabad
9%
Delhi 1,514,000 Gurgaon
9%
Jakarta 2,047,000 Tangerang
9%
Mumbai 1,819,000 Thane
9%
Manila 1,662,000 Caloocan
8%
Rio de Janeiro 783,000 Duque de Caxias
8%
Delhi 1,405,000 Faridabad
8%
Tehran 1,592,000 Karaj
8%
Kuala Lumpur 744,000 Klang
7%
Osaka 826,000 Sakai
7%
Rio de Janeiro 929,000 São Gonçalo
7%
Samara 699,000 Tolyatti
7%
Jakarta 1,048,000 Bogor
6%
New York City 770,000 Hempstead
6%
Maputo 1,616,000 Matola
6%
Seoul 960,000 Seongnam
6%
Jakarta 1,543,000 South Tangerang
6%
Manila 887,000 Taguig
6%
Seoul 856,000 Bucheon
5%
Seoul 1,079,000 Goyang
5%
Kolkata 1,072,000 Howrah
5%
Rio de Janeiro 821,000 Nova Iguaçu
5%
São Paulo 777,000 Osasco
5%
Pune 1,729,00 Pimpri-Chinchwad
5%
São Paulo 839,000 São Bernardo do Campo
5%
Mexico City 672,000 Tlalnepantla de Baz
5%
Seoul 707,000 Ansan
4%
Manila 887,000 Antipolo
4%
Ho Chi Minh City 1,055,000 Biên Hòa
4%
Busan 1,080,000 Changwon
4%
Johannesburg 3,379,000 Ekurhuleni
4%
Johannesburg 733,000 Emfuleni
4%
Dhaka 2,677,000 Gazipur
4%
Seoul 856,000 Hwaseong
4%
Mumbai 1,246,000 Kalyan-Dombivali
4%
Dhaka 1,771,000 Narayanganj
4%
Mexico City 834,000 Naucalpan de Juárez
4%
Manila 803,000 Pasig
4%
São Paulo 777,000 Santo André
4%
Cairo 1,226,000 Shubra El-Kheima
4%
Seoul 1,078,000 Yongin
4%
Daejeon 854,000 Cheongju
3%
Mexico City 705,000 Chimalhuacán
3%
Belo Horizonte 664,000 Contagem
3%
Mumbai 815,000 Mira-Bhayander
3%
Manila 715,000 Parañaque
3%
Tokyo 725,000 Sagamihara
3%
Santo Domingo 892,000 Santo Domingo Este
3%
Bogotá 827,000 Soacha
3%
Barranquilla 692,000 Soledad
3%
Guadalajara 687,000 Tlaquepaque
3%
Manila 715,000 Valenzuela
3%
Mumbai 1,221,000 Vasai-Virar
3%
Manila 665,000 Bacoor
2%
Mumbai 711,000 Bhiwandi
2%
Kuwait City 911,000 Hawalli
2%
Recife 702,000 Jaboatão dos Guararapes
2%
Kuala Lumpur 796,000 Kajang
2%
Buenos Aires 1,838,000 La Matanza
2%
Buenos Aires 698,000 Lomas de Zamora
2%
Seoul 709,000 Namyangju
2%
Manila 652,000 San Jose del Monte
2%
Kuala Lumpur 708,000 Subang Jaya
2%
Monterrey 656,000 Apodaca
1%
Manila 703,000 Dasmariñas
1%
Kuwait City 816,000 Farwaniya
1%
George Town 818,000 Seberang Perai
1%
Chennai 1,008,000 Tambaram
1%
Guadalajara 728,000 Tlajomulco de Zúñiga
1%
Luanda 1,383,000 Viana
1%
Luanda 1,151,000 Cazenga
0%
No matching quizzes found
Score Distribution
Percent of People with Each Score
Percentile by Number Answered
Your Score History
You have not taken this quiz